Commu GDFR avec indices - Statistiques

Statistiques générales
  • Ce quiz a été pris 9 fois
  • Le résultat moyen est 7 sur 20
Statistiques - réponses
Indice Réponse % Correct
Il pourrait se marier avec Vernam Azhir
100%
Fait des rêves bizarres F5night
100%
Confond l'eau et le sans plomb 95 / Très agressif Lyomi
71%
Furry numéro 4781 Tygore
71%
Xn**blo**b F3lixsram
57%
Utilise beaucoup trop X/Twitter Eihm
43%
N'a besoin de l'aide de personne (askip) Onilink
43%
L'ex modérateur espion Alex1304
29%
J'APPELLE LE COMMISARIAT 17 Artos
14%
Coincé sur la planète cramoisie Blackmg
14%
Le rejeton de Freddy Fazebear Foxylegameur
14%
Impossible n'est pas dans son vocabulaire Hequinox
14%
Le businessman détesté de tous Iamnotashit
14%
Une eau plus propre pour une maison plus brillante Majaxplop
14%
De clochard à male alpha Owkeen
14%
Tout droit sorti de prison SirDougue
14%
Top 1 du passé Superchat
14%
The big monster 666 TGM05
14%
Vote le Z... Tutez
14%
Chokureload :(( Vantavoids
14%
Aucun quiz correspondant
Distribution des résultats
% des personnes avec chaque résultat
Percentile par nombre de réponses
Votre historique - résultats
Vous n’avez pas pris ce quiz